000 00318nam a2200133Ia 4500
005 20260328101517.0
008 260328s9999||||xx |||||||||||||| ||und||
100 _aAllen, Bruce C.
245 0 _aCottage Building /
_cBruce C. Allen
260 _bCrosby Lockwood
300 _a160 p.
650 _aVIVIENDA
942 _cBK
999 _c9439
_d9439